| 000 | 00414nam a2200169Ia 4500 | ||
|---|---|---|---|
| 001 | 26208 | ||
| 003 | IN-NITTTR | ||
| 005 | 20251114233330.0 | ||
| 008 | 251113s9999||||xx |||||||||||||| ||eng|| | ||
| 040 | _beng | ||
| 040 | _cIN-NITTTR | ||
| 041 | _aeng | ||
| 082 | _a515.353 A11E | ||
| 100 | _aAmaranath, T. | ||
| 245 | 3 |
_aAn elementry course in partial differential equations / _cAmaranath, T. |
|
| 942 |
_2ddc _cBK |
||
| 999 |
_c28837 _d28837 |
||